Statistics for Capitals of Country Subdivisions

Click here to take the quiz!

General Stats

  • This quiz has been taken 60 times
  • The average score is 13 of 20

Answer Stats

CountrySubdivisionCapital% Correct
United KingdomScotlandEdinburgh
86%
GermanyBavariaMunich
86%
United StatesCaliforniaSacramento
86%
CanadaOntarioToronto
86%
AustraliaNew South WalesSydney
84%
ChinaGuangdongGuangzhou
81%
JapanHokkaidoSapporo
72%
SpainAndalusiaSeville
72%
FranceCorsicaAjaccio
70%
South AfricaGautengJohannesburg
70%
ItalyLombardyMilan
70%
IndiaUttar PradeshLucknow
56%
BrazilBahiaSalvador
53%
IndonesiaEast JavaSurabaya
49%
MexicoYucatánMérida
47%
Saudi ArabiaEastern ProvinceDammam
44%
DR CongoHaut-KatangaLubumbashi
40%
ArgentinaTierra del FuegoUshuaia
35%
RussiaSakha RepublicYakutsk
35%
IranFarsShiraz
33%

Score Distribution

Percentile by Number Answered

Percent of People with Each Score

Your Score History

You have not taken this quiz